00489cam a2200157 a 4500020001500000082001800015100002300033245003100056260004500087300002200132500002000154650002100174700002000195856006200215856005400277 a002802538500a808.06665 JAD1 aJaderstrom, Susan.10aBusiness English at work / aNew York :bGlencoe/McGraw-Hill,cc1999. a553pbcol. ill. ; aIncludes index. 0aEnglish language1 aMiller, Joanne.42uhttp://www.loc.gov/catdir/description/mh031/98023673.html41uhttp://www.loc.gov/catdir/toc/mh031/98023673.html